|
|
|
|
| LEADER |
01147nam a2200277 a 4500 |
| 001 |
4786057 |
| 008 |
091006r20011995nyu 000 1 eng d |
| 010 |
|
|
|a 87014412
|
| 020 |
|
|
|a 9780099935704
|
| 020 |
|
|
|a 0099935708
|
| 040 |
|
|
|a DLC
|c DLC
|d DLC
|
| 082 |
0 |
0 |
|a 823/.914
|2 19
|
| 100 |
1 |
|
|a Winterson, Jeanette,
|d 1959-
|
| 245 |
1 |
0 |
|a Oranges are not the only fruit /
|c Jeanette Winterson.
|
| 250 |
|
|
|a 1st American ed.
|
| 260 |
|
|
|a New York, N.Y. :
|b Atlantic Monthly Press ;
|a London :
|b Vintage,
|c 1995.[Reprinted 2001]
|
| 300 |
|
|
|a xv,171 p. ;
|c 20 cm.
|
| 500 |
|
|
|a Reprint. Originally published: London ; New York : Pandora Press, 1995.
|
| 541 |
1 |
|
|e 00019296
|
| 650 |
|
0 |
|a Teenage girls
|x Fiction.
|
| 650 |
|
0 |
|a Lesbians
|x Fiction.
|
| 651 |
|
0 |
|a England
|x Fiction.
|
| 655 |
|
7 |
|a Bildungsromane.
|2 gsafd
|
| 852 |
4 |
|
|a Ayesha Abed Library
|j General shelf
|
| 999 |
|
|
|c 4248
|d 4248
|
| 952 |
|
|
|0 0
|1 0
|2 ddc
|4 1
|6 823_914000000000000_WIN
|7 0
|9 3912
|a ENH
|b ENH
|d 2009-10-05
|e Bahma Sons
|l 1
|o 823.914 WIN
|p 3010019296
|r 2015-03-31
|s 2013-02-18
|t 1
|w 2009-10-06
|y BK
|x Departmental-issued damaged books were found in the ENH department for the reason of termites eaten in 2016
|